中国大陆陆地边境区县 Mainland China Border Districts & Counties - Statistics

General Stats
  • This quiz has been taken 68 times
  • The average score is 66 of 139
Answer Stats
Hint Answer % Correct
大兴安岭地区 漠河市
82%
呼伦贝尔市 满洲里市
82%
佳木斯市 抚远市
80%
锡林郭勒盟 二连浩特市
80%
伊犁州 霍尔果斯市
78%
西双版纳州 景洪市
76%
阿勒泰地区 阿勒泰市
75%
丹东市 东港市
73%
延边州 图们市
73%
牡丹江市 绥芬河市
73%
防城港市 东兴市
71%
保山市 腾冲市
67%
德宏州 瑞丽市
67%
德宏州 芒市
67%
塔城地区 塔城市
65%
区直辖 可克达拉市
65%
西双版纳州 勐腊县
65%
延边州 珲春市
63%
怒江州 泸水市
63%
白山市 长白朝鲜族自治县
61%
呼伦贝尔市 额尔古纳市
61%
兴安盟 阿尔山市
61%
崇左市 凭祥市
61%
丹东市 振兴区
59%
鸡西市 鸡东县
59%
佳木斯市 同江市
59%
黑河市 爱辉区
59%
阿拉善盟 阿拉善左旗
59%
阿拉善盟 阿拉善右旗
59%
阿拉善盟 额济纳旗
59%
酒泉市 肃北蒙古族自治县
59%
克孜勒苏州 阿图什市
59%
和田地区 和田县
59%
博尔塔拉州 博乐市
57%
喀什地区 塔什库尔干塔吉克自治县
57%
林芝市 墨脱县
57%
丹东市 元宝区
55%
通化市 集安市
55%
牡丹江市 东宁市
55%
鸡西市 虎林市
55%
呼伦贝尔市 陈巴尔虎旗
55%
阿里地区 噶尔县
55%
山南市 错那市
55%
红河州 河口瑶族自治县
55%
丹东市 振安区
53%
延边州 龙井市
53%
鸡西市 密山市
53%
博尔塔拉州 阿拉山口市
53%
黑河市 孙吴县
51%
阿勒泰地区 富蕴县
51%
日喀则市 亚东县
51%
西双版纳州 勐海县
51%
丹东市 宽甸满族自治县
49%
延边州 安图县
49%
延边州 和龙市
49%
大兴安岭地区 呼玛县
49%
大兴安岭地区 塔河县
49%
防城港市 防城区
49%
牡丹江市 穆棱市
47%
鹤岗市 萝北县
47%
呼伦贝尔市 新巴尔虎右旗
47%
呼伦贝尔市 新巴尔虎左旗
47%
阿勒泰地区 布尔津县
47%
阿里地区 日土县
47%
黑河市 逊克县
45%
锡林郭勒盟 苏尼特左旗
45%
锡林郭勒盟 苏尼特右旗
45%
乌兰察布市 四子王旗
45%
哈密市 伊吾县
45%
林芝市 察隅县
45%
双鸭山市 饶河县
43%
伊春市 嘉荫县
43%
兴安盟 科尔沁右翼前旗
43%
阿勒泰地区 福海县
43%
阿勒泰地区 哈巴河县
43%
克孜勒苏州 乌恰县
43%
日喀则市 聂拉木县
43%
日喀则市 定日县
43%
临沧市 沧源佤族自治县
43%
普洱市 澜沧拉祜族自治县
43%
百色市 靖西市
43%
白山市 临江市
41%
白山市 抚松县
41%
鹤岗市 绥滨县
41%
锡林郭勒盟 东乌珠穆沁旗
41%
巴彦淖尔市 乌拉特中旗
41%
巴彦淖尔市 乌拉特后旗
41%
哈密市 伊州区
41%
哈密市 巴里坤哈萨克自治县
41%
克孜勒苏州 阿合奇县
41%
喀什地区 叶城县
41%
阿里地区 普兰县
41%
怒江州 贡山独龙族怒族自治县
41%
文山州 麻栗坡县
41%
百色市 那坡县
41%
包头市 达尔罕茂明安联合旗
39%
昌吉州 木垒哈萨克自治县
39%
区直辖 白杨市
39%
伊犁州 昭苏县
39%
阿克苏地区 乌什县
39%
克孜勒苏州 阿克陶县
39%
日喀则市 定结县
39%
怒江州 福贡县
39%
崇左市 龙州县
39%
阿勒泰地区 青河县
37%
阿勒泰地区 吉木乃县
37%
博尔塔拉州 温泉县
37%
和田地区 皮山县
37%
阿里地区 札达县
37%
日喀则市 吉隆县
37%
德宏州 盈江县
37%
普洱市 西盟佤族自治县
37%
白山市 浑江区
35%
昌吉州 奇台县
35%
塔城地区 额敏县
35%
阿克苏地区 温宿县
35%
普洱市 孟连傣族拉祜族佤族自治县
35%
红河州 绿春县
35%
崇左市 大新县
35%
崇左市 宁明县
35%
塔城地区 和布克赛尔蒙古族自治县
33%
德宏州 陇川县
33%
文山州 富宁县
33%
塔城地区 托里县
31%
伊犁州 察布查尔锡伯自治县
31%
临沧市 镇康县
31%
临沧市 耿马傣族佤族自治县
31%
普洱市 江城哈尼族彝族自治县
31%
红河州 金平苗族瑶族傣族自治县
31%
文山州 马关县
31%
锡林郭勒盟 阿巴嘎旗
29%
日喀则市 仲巴县
29%
日喀则市 萨嘎县
29%
山南市 浪卡子县
29%
保山市 龙陵县
29%
塔城地区 裕民县
27%
日喀则市 康马县
27%
山南市 洛扎县
25%
日喀则市 岗巴县
24%
No matching quizzes found
Score Distribution
Percent of People with Each Score
Percentile by Number Answered
Your Score History
You have not taken this quiz